[Event "21st Mediterranean Flowers WGM 2021"]
[Site "Rijeka"]
[Date "2021.03.07"]
[Round "1.1"]
[White "Kejzar, Petra"]
[Black "Berke, Ana"]
[Result "1/2-1/2"]
[WhiteElo "2043"]
[BlackElo "2188"]
[Annotator "TA"]
[PlyCount "36"]
[EventDate "2021.03.07"]
[EventType "tourn"]
[EventCountry "CRO"]
[SourceTitle "playchess.com"]
[Source "ChessBase"]
[SourceQuality "1"]

{[%evp 19,22,-29,0,-10,22]} 1. e4 e5 2. Nf3 Nc6 3. Bb5 a6 4. Bxc6 dxc6 5. O-O f6 6. d4 exd4 7. Qxd4 Qxd4 8. Nxd4 Bd6 9. Nc3 Ne7 10. Be3 O-O 11. Rad1 {C68: Ruy Lopez: Exchange Variation, sidelines.} Bd7 {[#] An uneventful encounter. Not enough moves} {Predecessor:} 12. Rfe1 $146 Rae8 13. Nb3 b6 14. Bxb6 Be6 15. Be3 Ng6 16. Nc5 Bc8 17. f3 Ne5 18. Nd3 Nc4 {½-½ (64) Roeber,J (2077)-Appel,H (2161) Bayern 2009} 1/2-1/2

[Event "21st Mediterranean Flowers WGM 2021"]
[Site "Rijeka"]
[Date "2021.03.07"]
[Round "1.2"]
[White "Radikovic, Anamarija"]
[Black "Spiranec, Noemi"]
[Result "1-0"]
[WhiteElo "1986"]
[BlackElo "2077"]
[Annotator "TA"]
[PlyCount "53"]
[EventDate "2021.03.07"]
[EventType "tourn"]
[EventCountry "CRO"]
[SourceTitle "playchess.com"]
[Source "ChessBase"]
[SourceQuality "1"]

{[%evp 14,52,-16,-28,0,0,0,0,5,8,42,20,29,20,51,-45,-33,-89,-7,-20,64,69,70,57,52,55,546,539,987,960,1110,1123,29992,29993,29993,29994,29997,29998,29998,29999,29999]} 1. e4 e5 2. Nf3 Nc6 3. d4 exd4 4. Nxd4 Nf6 5. Nxc6 bxc6 6. e5 Qe7 7. Qe2 Nd5 8. h4 d6 {8...Qe6 deserves study. C45: Scotch Game.} 9. c4 Nb6 10. exd6 cxd6 {The position is equal.} 11. Be3 Ba6 12. Qc2 g6 13. Nd2 {[#] Strongly threatening c5.} Bg7 {[#]} 14. O-O-O $146 (14. c5 $14 Bxf1 15. Kxf1) ({Predecessor:} 14. c5 Bxf1 15. Kxf1 Nd5 16. Bg5 Qc7 17. Re1+ Kd7 18. Ne4 Rhe8 19. Rd1 Be5 20. Rh3 {1-0 (31) Hilwerda,J (2230)-Tancsa,T (2193) Marianske Lazne 2020}) 14... O-O $15 15. Nf3 (15. c5 $15 Bxf1 16. Rdxf1) 15... c5 (15... d5 $17 {[%cal Ra6c4]} 16. cxd5 Bxf1) 16. h5 $11 Qf6 ({Better is} 16... d5 $11) 17. Bg5 $14 Qe6 {[%cal Ra6c4]} 18. Re1 $36 {[%mdl 2048] Black is under pressure.} Qd7 19. hxg6 fxg6 {[%mdl 8192] This move loses the game for Black.} (19... hxg6 $14 20. Bh6 d5) 20. Re7 $18 Qf5 {intending ...Qxc2+.} 21. Bd3 Qg4 22. Bxg6 hxg6 {[#]} 23. Rxg7+ $1 {[%mdl 576] Remove Defender. White mates.} Kxg7 24. Qc3+ Kg8 25. Rh8+ Kf7 26. Qf6+ {[%mdl 64] Double Attack} Ke8 27. Qe7# {Weighted Error Value: White=0.15/Black=1.03} 1-0

[Event "21st Mediterranean Flowers WGM 2021"]
[Site "Rijeka"]
[Date "2021.03.07"]
[Round "1.3"]
[White "Manakova, Maria"]
[Black "Zimina, Olga"]
[Result "1-0"]
[WhiteElo "2271"]
[BlackElo "2364"]
[Annotator "TA"]
[PlyCount "93"]
[EventDate "2021.03.07"]
[EventType "tourn"]
[EventCountry "CRO"]
[SourceTitle "playchess.com"]
[Source "ChessBase"]
[SourceQuality "1"]

{[%evp 17,93,-10,-7,-33,-32,-25,-41,-77,0,-8,55,0,21,16,43,14,19,13,15,25,12,0,0,0,0,0,18,10,35,37,52,47,51,37,58,50,53,52,65,51,52,53,54,49,83,82,81,77,95,76,74,66,79,49,168,119,161,168,159,89,91,15,238,239,216,135,148,89,217,236,359,356,515,494,479,149,29996,29997]} 1. e4 c6 2. d4 d5 3. exd5 cxd5 4. c4 Nf6 5. Nc3 g6 6. cxd5 Nxd5 7. Bc4 Nb6 8. Bb3 Bg7 9. Nf3 O-O 10. a4 {B14: Caro-Kann: Panov-Botvinnik Attack with 5...e6 and 5...g6.} Nc6 11. a5 Nd7 {[#]} 12. Bf4 $146 {Black is slightly better.} ({Predecessor:} 12. a6 bxa6 13. O-O Nb6 14. Be3 Bb7 15. Re1 Nb4 16. Bg5 Nc8 17. Ne4 Bd5 18. Nc5 {½-½ (35) Ker,A (2315)-O'Donnell,C (2360) Batumi 2018}) 12... e5 (12... Nxa5 $17 13. Bc2 Nc6) 13. Bg5 $11 Bf6 (13... Nf6 $1 $11 14. dxe5 Qxd1+ 15. Rxd1 Ng4) 14. Bxf6 (14. h4 $1 $14) 14... Nxf6 15. dxe5 Ng4 16. Qxd8 (16. Bd5 {with more complications.} Qc7 17. Bxc6 bxc6 18. O-O Nxe5 19. Nxe5 Qxe5 20. Re1) 16... Rxd8 17. O-O Ngxe5 18. Nxe5 Nxe5 19. Rfe1 Nc6 20. Ra4 Kg7 21. Rf4 Rf8 22. Bd5 $36 {[%mdl 2048] White is more active.} g5 (22... Be6 {looks sharper.} 23. Bxe6 fxe6 24. Ra4 a6 25. Rxe6 Rad8) 23. Ra4 Bd7 24. h4 h6 25. a6 bxa6 26. hxg5 hxg5 27. Rxa6 Nb4 28. Ra5 Rae8 29. Rxe8 Rxe8 30. Be4 Rb8 31. Rxg5+ Kf8 32. Rc5 a6 33. Rc7 Be6 34. Ra7 Rb6 35. f4 Na2 (35... f5 $14) 36. Na4 Rb4 37. Nc5 {And now f5 would win.} Bc4 38. f5 (38. Nd7+ $142 Kg8 39. Nf6+ Kf8 40. Rc7) 38... Kg7 $16 39. b3 ({But not} 39. Nxa6 Ra4 $15) ({White should play} 39. Rb7 $16) 39... Bb5 $2 (39... Bxb3 $11 {and Black stays safe.} 40. Bf3 (40. Rxa6 Nc3 $14) 40... Bc4) 40. Bd5 $18 Kf6 41. Nxa6 Rd4 42. Nc7 (42. Rxf7+ $142 Ke5 43. Bb7) 42... Nc1 {[#]} (42... Nb4 $16 {was necessary.}) 43. Bxf7 $1 {[%mdl 512]} Rd1+ (43... Bc6 $142 44. Ra6 Kxf7) 44. Kh2 Bd3 (44... Bc6 $142 45. Ra6 Kxf7 46. Rxc6 Nxb3) 45. Nd5+ Kg5 46. Be6 (46. Ra8 $18 {and White stays clearly on top.}) 46... Be4 $2 {[%mdl 8192] [#]} (46... Bxf5 $16 47. Bxf5 Rxd5) 47. Rg7+ {Weighted Error Value: White=0.26/Black=0.54} 1-0

[Event "21st Mediterranean Flowers WGM 2021"]
[Site "Rijeka"]
[Date "2021.03.07"]
[Round "1.4"]
[White "Radeva, Viktoria"]
[Black "Hrescak, Ivana"]
[Result "1-0"]
[WhiteElo "2313"]
[BlackElo "2201"]
[Annotator "TA"]
[PlyCount "155"]
[EventDate "2021.03.07"]
[EventType "tourn"]
[EventCountry "CRO"]
[SourceTitle "playchess.com"]
[Source "ChessBase"]
[SourceQuality "1"]

{[%evp 9,155,13,32,36,27,33,32,22,40,27,14,12,66,49,67,63,65,58,72,43,66,19,158,137,337,348,327,345,320,302,185,46,303,225,308,297,303,302,328,318,320,0,0,0,0,-12,-21,-87,-82,-108,-116,-109,-91,-88,-88,-89,-87,-82,-77,-83,-86,-88,-93,-106,-103,-113,-116,-101,-90,-87,-83,-85,-78,-97,-102,-99,-94,-78,-75,-143,-81,-72,0,-183,-29,-51,-17,-13,-13,-18,-18,-12,-12,-20,-6,-11,-10,-45,-6,-6,0,0,0,-12,0,0,0,-83,0,0,0,-11,-11,-8,-8,-390,-390,-395,-395,-385,-385,-268,-8,-29956,-29957,-29954,-29952,-29964,-29964,-29963,-29965,-29963,-29956,-29973,-29974,-29975,-29976,-29973,-29971,-29968,0,-29973,0,-29963,-4133,-29983,-29984,-29983]} 1. e4 c5 2. Nf3 d6 3. d4 cxd4 4. Qxd4 a6 5. h3 Nc6 6. Qe3 {B53: Sicilian: 2...d6: Lines with Qxd4.} g6 7. c4 {7.Be2 is more fashionable.} Bg7 8. Be2 {White is slightly better.} Nf6 9. Nc3 O-O 10. O-O Bd7 ({Black should try} 10... Nd7 $11) 11. Rd1 $14 Qc7 12. Rb1 Rac8 13. b4 {[%cal Bb2b4,Bb4b5][%mdl 32]} Rfd8 {[#]} 14. Ba3 $146 ({Predecessor:} 14. a3 Qb8 15. Bb2 Qa7 16. c5 dxc5 17. b5 axb5 18. e5 b4 19. Nb5 Qb6 20. exf6 exf6 {1-0 (32) Tsvetkov,P (2190)-Ansat,A (2263) Cheliabinsk 2020}) 14... Be8 15. Rbc1 {Threatening Nd5.} Qb8 (15... b5 $11) 16. b5 $16 Na5 (16... axb5 $16 {is a better defense.} 17. cxb5 Ne5 18. Nxe5 dxe5 19. Rxd8 (19. Bxe7 Rxd1+ 20. Bxd1 Qc7 $16) 19... Rxd8) 17. e5 $18 dxe5 18. Rxd8 (18. Bxe7 Rxd1+ 19. Rxd1 (19. Nxd1 axb5 20. Bxf6 Bxf6 $11) 19... Nxc4 $14) (18. Qxe5 Qxe5 19. Nxe5 Rxd1+ 20. Rxd1 axb5 $11) (18. Nxe5 axb5 19. Rxd8 (19. Bxe7 Rxd1+ 20. Rxd1 Nxc4 $14) (19. cxb5 e6 $16) (19. Nxb5 Bxb5 20. cxb5 Rxc1 $11) 19... Rxd8 $16) 18... Rxd8 19. Bxe7 (19. Qxe5 Qxe5 20. Nxe5 axb5 $14) (19. Nxe5 axb5 20. Bxe7 Rc8 $16) 19... Rc8 20. Qb6 (20. Qxe5 Qxe5 21. Nxe5 axb5 $11) (20. Nxe5 axb5 21. Bxf6 (21. cxb5 Nh5 $16) 21... Bxf6 $16) (20. Bxf6 $18 Bxf6 21. Nd5) 20... e4 $2 {[%mdl 8192]} 21. Nd2 (21. Qxa5 exf3 22. Bxf3 (22. gxf3 Qe5 $17) 22... Rxc4 $16) 21... Qf4 22. Rd1 ({Weaker is} 22. Qxa5 e3 $14) 22... e3 23. fxe3 Qe5 24. Bb4 ({Stronger than} 24. Qxa5 Qxe7 25. Qb6 axb5 $15) 24... Nd7 25. Qxa5 (25. Qa7 $18) 25... Qxe3+ $11 26. Kh1 Bxc3 27. Bxc3 Qxe2 28. Rc1 (28. Rb1 $11 {keeps the balance.}) 28... axb5 $17 29. cxb5 {[#]} Nf6 $1 $36 {[%cal Rf6d5][%mdl 2560] Keeping White busy.} 30. Nf3 {[#] Strongly threatening Re1.} Qe3 31. Qa3 Ne4 32. Bb2 Rxc1+ 33. Bxc1 Qxa3 34. Bxa3 Bxb5 {[%mdl 4096] Endgame KBN-KBN} 35. Bb2 f6 36. Kg1 Kf7 37. Nd4 Bc4 38. a3 Ke7 39. g4 Kd6 40. Kg2 Bd3 41. Nb3 Kd5 42. Kf3 Bf1 43. h4 Bc4 44. Nc1 (44. Nd4 $142) 44... Bb5 (44... b5 $142 45. Ne2 Nd2+ 46. Ke3 Nf1+ 47. Kf2 Bxe2 48. Kxe2 Nh2 49. Bxf6 Nxg4) 45. Ke3 Bc4 (45... Bd7 $17 46. Nd3 Nd6) 46. Kf4 $2 (46. Kf3 $1 $11 {and White stays safe.}) 46... h6 $2 (46... g5+ $1 $19 47. hxg5 fxg5+ 48. Ke3 Nd6) 47. Ke3 f5 48. gxf5 gxf5 49. Kf4 Ke6 50. Bg7 h5 51. Bb2 b6 52. Bd4 b5 53. Bb2 (53. Ba7 {with more complications.} Nf6 54. Kg5 Nd7 55. Bg1 Ne5 56. Bf2) 53... Nc5 54. Kg5 Na4 55. Ba1 Nc5 56. Kxh5 Ne4 57. Bd4 Kd5 58. Bb2 {[#]} (58. Bb6 $11) 58... Ke6 ({Better is} 58... Nd6 $1 $17 {And now ...f4 would win.} 59. Kg5 Ke4) 59. Bd4 $11 Kf7 60. Bb2 Kg8 {( -> ...Kh7)} 61. Kg6 f4 {Hoping for ...f3.} 62. h5 $2 {[%mdl 8192]} (62. Bd4 $11 {and White is okay.}) 62... f3 $19 63. Bd4 {and the idea h6 leaves White hopeful.} f2 64. Bxf2 Nxf2 65. Kf5 {[#] If only White now had time for Ke5....} Kg7 $2 ({Black should play} 65... Nd3 $1 $19 {[%cal Rd3c1]} 66. Ne2 Ne1) 66. h6+ $2 {[%mdl 8192]} (66. Ke5 $11) 66... Kxh6 67. Kf6 Kh5 68. Ke7 Ne4 69. Kd7 Kg5 70. Kc6 Kf4 71. Kb6 Nc3 72. Kc5 Ke3 73. Kb4 Nd5+ 74. Kc5 Nc3 75. Kb4 Nd5+ $2 (75... Kd2 {mates} 76. a4 Nd5+ 77. Ka3 Kxc1 78. axb5 Bxb5 79. Kb3 Kb1 80. Ka3 Kc2 81. Ka2 Bc4+ 82. Ka1 Bd3 83. Ka2 Be4 84. Ka1 Bf3 85. Ka2 Nc7 86. Ka1 Nd5 87. Ka2 Ne3 88. Ka1 Kc1 89. Ka2 Kc2 90. Ka3 Bd5 91. Ka4 Nf5 92. Kb5 Kb3 93. Kc5 Bc4 94. Kc6 Ka3 95. Kc5 Kb3 96. Kc6 Kb4 97. Kd7 Bf7 98. Kd8 Kc4 99. Kc8 Be8 100. Kc7 Kc5 101. Kd8 Bc6 102. Kc8 Ng7 103. Kd8 Kd6 104. Kc8 Ne6 105. Kb8 Kc5 106. Ka7 Kb5 107. Kb8 Kb6 108. Kc8 Be8 109. Kb8 Bd7 110. Ka8 Nc7+ 111. Kb8 Na6+ 112. Ka8 Bc6#) 76. Ka5 $2 {[%mdl 8192]} (76. Kc5 $11) 76... Kd2 (76... Kd4 $142 77. Na2 Kc5 78. Nc1 Ne7 79. Ka6 b4+ 80. Kb7 b3 81. Nxb3+ Bxb3 82. Kc7 Ba4 83. Kd8 Nd5 84. Kc8 Kd6 85. Kb8 Ne3 86. Kc8 Nc4 87. Kb7 Kd7 88. Ka8 Kc7 89. Ka7 Bc6 90. Ka6 Bd7 91. a4 Bc6 92. a5 Ne5 93. Ka7 Bb7 94. a6 Nc6#) 77. a4 b4 78. Nd3 {[%mdl 32768] Black used his chance.  Weighted Error Value: White=0.29/Black=0.30. Loss on time!?} 1-0

[Event "21st Mediterranean Flowers WGM 2021"]
[Site "Rijeka"]
[Date "2021.03.07"]
[Round "1.5"]
[White "Medic, Mirjana"]
[Black "Unuk, Laura"]
[Result "0-1"]
[WhiteElo "2169"]
[BlackElo "2389"]
[Annotator "TA"]
[PlyCount "54"]
[EventDate "2021.03.07"]
[EventType "tourn"]
[EventCountry "CRO"]
[SourceTitle "playchess.com"]
[Source "ChessBase"]
[SourceQuality "1"]

{[%evp 18,54,10,8,17,0,12,0,7,0,0,0,0,0,0,-2,-3,-18,-16,-33,-28,-95,-87,-93,-93,-177,-178,-388,-358,-837,-805,-801,-574,-610,-588,-803,-802,-1424,-1385]} 1. d4 Nf6 2. Nf3 e6 3. e3 b6 4. Bd3 Bb7 5. b3 Be7 6. Bb2 O-O 7. O-O d5 8. c4 Nbd7 9. Nbd2 Ne4 10. Rc1 f5 {D05: Colle System with ...e6.} 11. Qc2 Rc8 12. Rfd1 {[#]} Bd6 $146 {The position is equal.} ({Predecessor:} 12... Qe8 13. Nf1 Bd6 14. Ne5 Nxe5 15. dxe5 Bc5 16. Bd4 Bxd4 17. exd4 Qg6 18. c5 bxc5 19. dxc5 {0-1 (44) Bruno,F (2435)-Massoni,M (2341) Calvi 2012}) 13. Ne5 c5 14. Ndf3 Ndf6 15. Qe2 Qe7 16. Ne1 cxd4 17. exd4 Ng4 18. Bxe4 dxe4 19. f3 (19. f4 $11) 19... Nxe5 $17 20. dxe5 Bc5+ 21. Kh1 (21. Bd4 $17) 21... Rcd8 22. f4 $2 {[#]} (22. Bc3 {was called for.}) 22... Qh4 $19 23. g3 $2 (23. Nc2 Bf2 24. Ne3) 23... e3+ {Black is clearly winning.} 24. Ng2 Qh3 25. Bc3 a5 26. Ra1 Be4 27. Kg1 Bxg2 {Weighted Error Value: White=0.82/Black=0.12} 0-1

[Event "21st Mediterranean Flowers WGM 2021"]
[Site "Rijeka"]
[Date "2021.03.08"]
[Round "2.1"]
[White "Berke, Ana"]
[Black "Unuk, Laura"]
[Result "0-1"]
[WhiteElo "2188"]
[BlackElo "2389"]
[Annotator "TA"]
[PlyCount "68"]
[EventDate "2021.03.07"]
[EventType "tourn"]
[EventCountry "CRO"]
[SourceTitle "playchess.com"]
[Source "ChessBase"]
[SourceQuality "1"]

{[%evp 13,68,-4,-10,-38,0,2,19,14,12,-20,-23,-31,0,-29,0,-148,-66,-89,-86,-141,-128,-174,-182,-341,-343,-363,-369,-413,-408,-427,-393,-427,-429,-448,-460,-474,-479,-534,-526,-503,-505,-1012,-916,-1758,-1683,-1356,-1268,-1836,-1918,-1532,-1439,-1237,-1060,-2536,-2261,-29988,-29989]} 1. e4 c6 2. d4 d5 3. exd5 cxd5 4. c4 Nf6 5. Nc3 Nc6 6. Bg5 Be6 7. c5 Ne4 8. Be3 {B13: Caro-Kann: Exchange Variation and Panov-Botvinnik Attack.} g6 (8... Nxc5 $5 9. dxc5 d4 $11 {[%mdl 64] Double Attack}) 9. Bb5 Bg7 10. Nge2 $1 {The position is equal.} O-O {[#]} 11. Bxc6 $146 ({Predecessor:} 11. O-O a6 12. Bxc6 Nxc3 13. bxc3 bxc6 14. Qd2 Bf5 15. Ng3 Qd7 16. Nxf5 Qxf5 17. Rfb1 {½-½ (47) Looshnikov,N (2491)-Kostin,K (2295) Izhevsk 2013}) 11... bxc6 12. O-O Rb8 13. Qa4 Rxb2 14. Qxa7 (14. Qxc6 $11 Bg4 15. f3 {[%mdl 64] Double Attack}) 14... Bf5 (14... Nxc3 $17 15. Nxc3 Bf5) 15. Nxe4 Bxe4 16. Ng3 (16. Rfe1 $142) 16... f5 $17 17. Bg5 Bxd4 {...Bd3 is the strong threat.} 18. Bxe7 $2 {[#]} (18. Rad1 Bg7 19. Nxe4 fxe4 20. Rd2) 18... Qa8 $1 $19 {[%cal Ra8a7]} 19. Qxa8 Rxa8 20. Nxe4 fxe4 21. Rad1 Bg7 22. Bh4 Raxa2 23. Rb1 Bd4 24. Rxb2 Rxb2 {[%mdl 4096] Endgame KRB-KRB} ({Weaker is} 24... Bxb2 25. Re1 $19) 25. Rc1 e3 {[#] Threatens to win with ...e2.} 26. Kf1 exf2 27. Be7 (27. Rd1 $142 Bxc5 28. Bg5) 27... Be3 28. Rd1 Kf7 29. Bd6 Ke6 30. g4 d4 31. Kg2 Re2 {( -> ...Re1)} 32. Kf1 d3 33. Bg3 Bxc5 34. Kg2 d2 {Weighted Error Value: White=0.76/Black=0.07} 0-1

[Event "21st Mediterranean Flowers WGM 2021"]
[Site "Rijeka"]
[Date "2021.03.08"]
[Round "2.2"]
[White "Hrescak, Ivana"]
[Black "Medic, Mirjana"]
[Result "1/2-1/2"]
[WhiteElo "2201"]
[BlackElo "2169"]
[Annotator "TA"]
[PlyCount "138"]
[EventDate "2021.03.07"]
[EventType "tourn"]
[EventCountry "CRO"]
[SourceTitle "playchess.com"]
[Source "ChessBase"]
[SourceQuality "1"]

{[%evp 15,138,23,27,16,22,17,36,35,34,37,50,21,15,0,16,0,0,-53,-54,-62,-56,-50,16,0,0,0,0,-30,-40,-45,-52,-41,-35,-79,-61,-57,-72,-82,-43,-36,60,26,27,29,110,101,93,56,66,65,70,23,122,128,124,0,120,117,135,133,127,128,134,141,141,122,120,114,170,164,165,170,163,150,186,170,186,179,205,198,195,197,252,256,231,185,193,168,172,0,181,171,164,102,122,50,90,0,134,127,135,101,110,112,146,71,87,32,102,98,209,65,66,19,28,0,80,35,43,36,48,0,54,0,55]} 1. d4 e6 2. c4 f5 3. Nc3 Nf6 4. g3 d5 5. Bg2 c6 6. Nf3 Bd6 7. b3 O-O 8. O-O b6 9. cxd5 {A90: Dutch Defence: Miscellaneous and Modern Stonewall (with ...Bd6).} exd5 10. Qc2 Ne4 11. Ne5 {White is slightly better.} Bb7 {[#]} 12. Bb2 $146 {[%cal Rc3e4]} ({Predecessor:} 12. f4 Nd7 13. Nxe4 fxe4 14. Bh3 Bxe5 15. fxe5 Rxf1+ 16. Kxf1 Qe7 17. Kg1 c5 18. Ba3 Nxe5 19. dxe5 Qxe5 {0-1 (31) Melich Martinez,J (1831)-Falomir Ballega,S Barcelona 2009}) 12... Qe8 13. Rad1 {[%cal Rc3e4]} Na6 14. e3 Rc8 15. Qb1 {[%cal Rc3e4]} c5 {Hoping for ...Nxc3.} 16. Ne2 (16. Nxe4 $11 fxe4 17. f3) 16... cxd4 $15 17. exd4 Nb4 18. f3 {[#]} Nf6 ({Black should play} 18... Rc2 $1 $15 19. fxe4 Rxe2) 19. Nf4 ({Don't go for} 19. Qxf5 $2 Rc2 $19) 19... Nc2 20. Rd2 Nxd4 {[%mdl 64] Remove Defender} 21. Bxd4 (21. Re1 {keeps more tension.} Bxe5 22. Nd3 Nxf3+ 23. Bxf3 Bxb2 24. Rxe8 Bd4+ 25. Nf2) 21... Bxe5 22. Re1 Bxd4+ 23. Rxd4 Qd7 24. Nd3 {[%cal Bf4d3,Bd3e5,Be5c4][%mdl 32]} Rfe8 25. Ne5 Qe6 26. Rdd1 Qd6 27. Qxf5 d4 (27... Qc5+ $15 28. Kh1 Qf2) 28. Nc4 Rxe1+ 29. Rxe1 Qc6 (29... Qc7 $11) 30. Ne5 $1 $16 {[%cal Re5c6]} Qd6 31. f4 Ba6 32. Bf1 d3 33. Bxd3 Qd4+ (33... g6 $11 {keeps the balance.} 34. Nxg6 Rc5) 34. Kg2 {Threatening mate with Qe6+.} Bb7+ 35. Kf1 ({Only move:} 35. Kh3 $16 {Qe6+ would kill now.} Re8 36. Nf3 $1) 35... Re8 (35... Qd5 $1 $11 {remains equal.} 36. Qh3 h5) 36. Bc4+ Bd5 37. Qd3 Qxd3+ 38. Bxd3 g6 39. Rc1 Re7 40. Rc8+ Kg7 41. Bc4 Bxc4+ (41... g5 $16) 42. Rxc4 {[%mdl 4096] Endgame KRN-KRN} Nd5 43. Kf2 g5 {intending ...gxf4.} 44. Rd4 Nc3 45. a4 gxf4 46. gxf4 Kf6 47. Kf3 Kf5 48. Rd8 Rc7 (48... Ke6 $142 49. Nc4 Rd7 50. f5+ Ke7 51. Rxd7+ Kxd7) 49. Nc4 $18 {Black must now prevent Rd6.} Kf6 50. Ne3 Kf7 51. Ng4 Ke6 52. Ne5 $2 (52. Rd4 $18) 52... Nd5 $2 (52... Kf5 $1 $11) 53. Nc4 {aiming for Rd6+.} Nf6 54. Rd3 (54. Rd6+ $18 Kf7 55. Ne5+ Kg7 56. Nc6) 54... Rc5 55. Ne3 ({White should try} 55. Re3+ $16 Kd7 56. h3) 55... Rc7 56. Nc4 Rc5 $1 57. Re3+ Kd7 58. Ne5+ Kd6 59. Ng4 Nd5 {[#]} 60. Rd3 (60. Re5 $142 $1) 60... Ke6 $16 61. Ne3 (61. Rd1 $16) 61... Nf6 (61... Nxe3 $14 62. Rxe3+ (62. Kxe3 Rh5 $11) 62... Kf5) 62. Nc4 b5 (62... Rh5 $16) 63. axb5 (63. Re3+ $18 Kd7 {[#]} 64. Re5 $1) 63... Rxb5 $14 64. Nd6 Rb4 65. Nc4 ({Better is} 65. h3 $11) 65... Rb5 $16 66. Ne3 Rh5 67. Kg3 Rb5 68. Kf3 Rh5 69. Kg3 Rb5 {Black escapes into a draw.  Weighted Error Value: White=0.21/Black=0.26} 1/2-1/2

[Event "21st Mediterranean Flowers WGM 2021"]
[Site "Rijeka"]
[Date "2021.03.08"]
[Round "2.3"]
[White "Zimina, Olga"]
[Black "Radeva, Viktoria"]
[Result "1-0"]
[WhiteElo "2364"]
[BlackElo "2313"]
[Annotator "TA"]
[PlyCount "71"]
[EventDate "2021.03.07"]
[EventType "tourn"]
[EventCountry "CRO"]
[SourceTitle "playchess.com"]
[Source "ChessBase"]
[SourceQuality "1"]

{[%evp 12,71,14,8,16,10,15,-16,-5,-22,-27,-27,14,7,18,3,14,22,38,38,41,37,38,41,45,36,35,18,32,12,25,18,25,0,0,-10,48,65,54,78,337,324,297,316,266,263,725,723,637,400,1662,1660,1563,1562,1381,1267,1264,1118,29991,29992,29994,29995]} 1. c4 e6 2. g3 d5 3. Bg2 Nf6 4. Nf3 Be7 5. O-O O-O 6. b3 d4 7. e3 c5 {A14: English Opening: 1...e6 with b3 by White.} 8. exd4 cxd4 9. Ba3 Nc6 {The position is equal.} 10. Bxe7 Qxe7 11. Re1 {[#]} Qd6 $146 ({Predecessor:} 11... e5 12. d3 Bf5 13. a3 a5 14. Ra2 Rfe8 15. Rae2 Qd6 16. Nh4 Bg4 17. Bf3 Bxf3 18. Nxf3 {0-1 (36) Le Quang,K (2243)-Le Goff,R (2281) Paris 2019}) 12. d3 e5 13. a3 a5 14. Nbd2 Re8 15. Ng5 Bf5 16. Nde4 Nxe4 17. Nxe4 Bxe4 18. Bxe4 g6 19. Qd2 Kg7 20. Bg2 Re7 21. Rec1 f5 22. c5 Qf6 23. Re1 a4 (23... Rae8 $11) 24. b4 $14 Na7 25. f4 exf4 $2 {[%mdl 8192] [#] Black cannot hold the game after this.} (25... Rae8 $16 {was called for.}) 26. Rxe7+ $1 $18 (26. gxf4 Rae8 $11) 26... Qxe7 27. Re1 ({Weaker is} 27. gxf4 Re8 $11) ({Less strong is} 27. Qxf4 Nb5 $14) 27... Qd7 28. Qxf4 Nb5 $2 (28... Rf8 29. Bf3 Rf7 30. Qe5+ Kh6) 29. Qe5+ Kh6 30. h4 {[#] Black must now prevent g4!} Rd8 (30... Rf8 $142 31. Bd5 Qc7 32. Qxc7 Nxc7) 31. g4 ({Not} 31. Qf6 Re8 $16) 31... Qc7 32. Qf6 Rd7 33. Qg5+ Kg7 34. gxf5 {f6+ would kill now.} Nxa3 35. f6+ Kf8 36. Qh6+ {Weighted Error Value: White=0.18/Black=0.62} 1-0